Traité de chimie organique / (Record no. 31184)

MARC details
000 -LEADER
campo de control de longitud fija 00654nam a2200205 i 4500
001 - NÚMERO DE CONTROL
campo de control 31184
003 - IDENTIFICADOR DE NÚMERO DE CONTROL
campo de control ES-MaACL
005 - FECHA Y HORA DE LA ÚLTIMA TRANSACCIÓN
campo de control 20250815113040.0
007 - CAMPO FIJO DE DESCRIPCIÓN FÍSICA--INFORMACIÓN GENERAL
campo de control de longitud fija t|
008 - DATOS DE LONGITUD FIJA--INFORMACIÓN GENERAL
campo de control de longitud fija 030128m19011902fr ||||1| fre d
100 1# - ENTRADA PRINCIPAL--NOMBRE DE PERSONA
Nombre de persona Behal, Auguste.
9 (RLIN) 27047
245 10 - MENCIÓN DEL TÍTULO
Título Traité de chimie organique /
Mención de responsabilidad, etc. par Auguste Behal ; précéde d'une préface de M. Ch. Friedel.
250 ## - MENCION DE EDICION
Mención de edición 2eme ed. corr. y aum.
260 ## - PUBLICACIÓN, DISTRIBUCIÓN, ETC.
Lugar de publicación, distribución, etc. Paris :
Nombre del editor, distribuidor, etc. Octave Doin,
Fecha de publicación, distribución, etc. 1901-1902 (
Fabricante Chartres-Durand)
300 ## - DESCRIPCIÓN FÍSICA
Extensión 2 v. ;
Dimensiones 25 cm.
650 #7 - PUNTO DE ACCESO ADICIONAL DE MATERIA--TÉRMINO DE MATERIA
Término de materia o nombre geográfico como elemento de entrada Química orgánica
Fuente del encabezamiento o término embne
9 (RLIN) 136799
700 1# - ENTRADA AGREGADA--NOMBRE PERSONAL
Nombre de persona Friedel, Charles (
Fechas asociadas al nombre 1832-1899)
9 (RLIN) 52617
852 ## - LOCALIZACIÓN
Ubicación ES-MaACL
Número de control de estantería B-4820-21
Holdings
Estatus retirado Estado de pérdida Estado de daño No para préstamo Biblioteca de origen Biblioteca actual Ubicación en estantería Fecha de adquisición Fuente de adquisición Total de préstamos Signatura topográfica completa Código de barras Visto por última vez Precio de reemplazo Tipo de ítem Koha
        Biblioteca del Ateneo de Madrid Biblioteca del Ateneo de Madrid Sala Pardo Bazán 17/01/2008     B-4820-21 1032215 23/02/2023 23/02/2023 Libro impreso antiguo